000 00714nam a2200205 i 4500
001 69912
003 ES-MaACL
005 20250223234433.0
007 t|
008 040713s1987 sp ||||1| spa d
020 _a84-505-5140-4
100 1 _aGarcía Lorca, Federico,
_d1898-1936
_954853
245 1 0 _aPoeta en Nueva York /
_cFederico García Lorca ; ilustraciones de Juan Carlos Eguillor ; edición y prólogo de Mario Hernández.
260 _aMadrid :
_bFundación Banco Exterior,
_c[1987]
300 _a135 p., 1 lám. ;
_c35 cm.
700 1 _aEguillor, Juan Carlos.
_946761
700 1 _aHernández, Mario,
_d1945-
_9151331
852 _aES-MaACL
_jL-11362
_bR.113269
999 _c69912
_d69912